000 00992nam a22002657a 4500
005 20170123162315.0
010 _aB-050578
020 _c40.00
_a8126010185
035 _aB-050578
037 _bCen Lib/Ret
040 _aDPL
_bUR
082 _aک
_bس ن د
100 _aسندھو، گلزار سنگھ
_9111303
245 _aامر کتھا /
_bگلزار سنگھ سندھو ; مرتبہ نرنجن سنگھ تسنیم
246 _aAmar katha /
_bby Gulzar Singh Sandhu; translated by Niranjan Singh Tasneem
260 _aنیو دہلی
_bساہتیہ اکادمی
_c2001
270 _bنیو دہلی
_aرویندرا بھون، فیروز شاہ مارگ
_e110001
300 _a135p.
_c19cm(Hb)
650 _a ادب - پنجابی
_9114103
650 _a پنجابی کہانیاں
_9111697
650 _aLiterature -- Punjabi
_9114104
650 _aPunjabi stories
_96279
700 _a نرنجن سنگھ تسنیم
_9108471
942 _2ddc
_cUR
_hک
_mس ن د
999 _c106666
_d106666